000 00597nam a2200205 u 4500
005 20240229063545.0
008 100817s2008 cl r 000 0 spa d
020 _a9789875454743
035 _aUPN01000177373
049 _aI
050 4 _aPZ75
_bM3.2
100 1 _aMainé, Margarita,
_d1960-
_931813
245 1 0 _aBetina y yo /
_cMargarita Mainé.
260 _aBogotá :
_bNorma,
_c2008.
300 _a56 p. :
_bil.
440 0 _aTorre de papel roja.
_pA partir de los 7 años
650 4 _aLiteratura infantil argentina
_97511
650 7 _aAmistad entre niños
_2
_94319
905 _aInfantil
999 _c149476
_d149476